Gramática, semántica, universales: estudios de lingüística funcional

Shranjeno v:
Bibliografske podrobnosti
Glavni avtor: Coseriu, Eugenio (Author)
Format: Knjiga
Jezik:španščina
Izdano: Madrid Gredos 1987
Izdaja:2a. ed
Serija:Biblioteca Románica Hispánica. Estudios y Ensayos, 280
Teme:
Oznake: Označite
Brez oznak, prvi označite!

MARC

LEADER 00000nam a2200000 a 4500
001 UCO9392
003 CL-VaPUC
008 010302e19870000SP |||||||||||||||||spa|d
082 0 4 |a 410  |b COS  |2 21 
100 0 |a Coseriu, Eugenio  |e author  |9 454510 
245 1 0 |a Gramática, semántica, universales: estudios de lingüística funcional 
250 |a 2a. ed 
300 |a 267 p 
942 |c BK 
945 |d 20010302 00:00:00  |a vberengu 
260 |a Madrid  |b Gredos  |c 1987 
650 0 |a Lingüística  |9 265068 
650 7 |a LINGUISTICA DESCRIPTIVA  |2 CL-VaPUC  |9 454511 
650 0 |a Gramática  |9 270497 
650 0 |a Semántica  |9 265318 
583 |a last modification  |c 20010302 00:00:00  |k Rodrigo Vera 
490 0 |a Biblioteca Románica Hispánica. Estudios y Ensayos, 280 
999 |c 293604  |d 293602 
952 |0 0  |1 0  |4 0  |6 410_000000000000000_COS_1987  |7 0  |8 A  |9 345232  |a FDOPOS  |b FDOPOS  |d 2019-11-20  |i 3691667  |o 410 COS 1987  |p 3691667  |r 2025-01-22  |w 2019-11-20  |y BK  |k MLA